| 000 | 00995nas a2200337 4500 | ||
|---|---|---|---|
| 001 | BR0604228 | ||
| 003 | BR-BrBNA | ||
| 005 | 20231205110341.0 | ||
| 007 | ta | ||
| 008 | 230509b bl.|||p| |||| 00| 00por d | ||
| 040 |
_aBR-BrBNA _bpor _cBiblioteca Nacional de Agricultura |
||
| 041 | _a(En) | ||
| 072 | _aF30 | ||
| 100 | 1 | _aToledo, J.F.F. de | |
| 100 | 1 | _aCarvalho, C.G.P. de | |
| 100 | 1 | _aArias, C.A.A. | |
| 100 | 1 | _aAlmeida, L.A. de | |
| 100 | 1 | _aBrogin, R.L. | |
| 100 | 1 | _aOliveira, M.F. de | |
| 100 | 1 | _aMoreira, J.U.V. | |
| 100 | 1 | _aRibeiro, A.S. | |
| 100 | 1 | _aHiromoto, D.M. | |
| 245 | 1 | _aGenotypes and environment interaction soybean yield in Mato Grosso State, Brazil | |
| 650 | _aSOJA | ||
| 650 | _aGENÓTIPO | ||
| 650 | _aINTERAÇÃO GENÉTICA | ||
| 650 | _aMATO GROSSO | ||
| 773 | 0 |
_tPesquisa Agropecuária Brasileira (Brazil) _xISSN 0100-204X _g(May 2006), v. 41(5) p. 785-791 _wBR0604228 |
|
| 909 |
_a202311 _bLúcia _c55 _dLúcia Elande |
||
| 942 |
_2AGRIS _n0 _cANA |
||
| 999 |
_c187074 _d187074 |
||